000 00347nam a2200121Ia 4500
008 220204s9999 xx 000 0 und d
082 _aNR:339.52
_bWTO.1
100 _aGeorge, K T
245 0 _aWTO and the natural rubber sector. Vol.1. The genesis of WTO and the aftermath
260 _aKottayam
_bRRII
_c2002
700 _aJoseph, T
942 _cBK
999 _c44134
_d44134